[Event "Palmanova Blau Escacs op 1st"]
[Site "Palmanova"]
[Date "2015.04.13"]
[Round "3"]
[White "Lewandowski, Richard"]
[Black "Carranza Pons, Ricardo Nelson"]
[Result "0-1"]
[WhiteElo "1494"]
[BlackElo "1737"]
[PlyCount "50"]
[EventDate "2015.04.11"]
[EventType "swiss"]
[EventRounds "9"]
[EventCountry "ESP"]
[SourceTitle "CBM 166 Extra"]
[Source "ChessBase"]
[SourceDate "2015.06.18"]
[SourceVersion "1"]
[SourceVersionDate "2015.06.18"]
[SourceQuality "1"]

1. d4 d5 2. c4 e5 3. dxe5 d4 4. Bd2 Nc6 5. Nf3 Bg4 6. Bf4 Qd7 7. a3 0-0-0 8. Nbd2 h6 9. h3 Be6 10. b4 g5 11. Bg3 g4 12. hxg4 Bxg4 13. Rc1 h5 14. Qb3 Bh6 15. Rd1 Nge7 16. Bh4 Rde8 17. Ne4 Qf5 18. Nf6 Rd8 19. Nxg4 hxg4 20. Nd2 Qxe5 21. Qd3 Rd7 22. Bg3 Qe6 23. Qe4 Bxd2+ 24. Rxd2 Qxe4 25. Rxh8+ Nd8 0-1

[Event "Calvia Amateur op 9th"]
[Site "Calvia"]
[Date "2012.10.12"]
[Round "7"]
[White "Lewandowski, Richard"]
[Black "Carranza Pons, Ricardo Nelson"]
[Result "0-1"]
[WhiteElo "1608"]
[BlackElo "1718"]
[PlyCount "64"]
[EventDate "2012.10.06"]
[EventType "swiss"]
[EventRounds "9"]
[EventCountry "ESP"]
[SourceTitle "EXT 2013"]
[Source "ChessBase"]
[SourceDate "2012.11.22"]
[SourceVersion "1"]
[SourceVersionDate "2012.11.22"]
[SourceQuality "1"]

1. d4 Nf6 2. c4 g6 3. Nc3 d5 4. cxd5 Nxd5 5. Bd2 Bg7 6. e3 0-0 7. Bd3 Nc6 8. a3 e5 9. Nxd5 Qxd5 10. f3 Re8 11. Ne2 exd4 12. e4 Qh5 13. 0-0 Ne5 14. Bc1 Nxd3 15. Qxd3 Qc5 16. b4 Qb6 17. Bb2 c5 18. Rab1 Be6 19. bxc5 Qxc5 20. Bxd4 Bxd4+ 21. Qxd4 Qxa3 22. Kh1 Red8 23. Qc3 Qxc3 24. Nxc3 b6 25. Rfd1 Rxd1+ 26. Rxd1 Rc8 27. Nb5 a5 28. h3 a4 29. Kh2 Rc5 30. Nd6 a3 31. Ra1 a2 32. Nb7 Rb5 0-1

[Event "Palma de Mallorca op 4th"]
[Site "Palma de Mallorca"]
[Date "2009.11.22"]
[Round "2"]
[White "Balasch Sagrera, Carles"]
[Black "Lewandowski, Richard"]
[Result "1-0"]
[WhiteElo "2062"]
[BlackElo "1662"]
[PlyCount "67"]
[EventDate "2009.11.21"]
[EventType "swiss"]
[EventRounds "9"]
[EventCountry "ESP"]
[SourceTitle "EXT 2011"]
[Source "ChessBase"]
[SourceDate "2010.11.26"]
[SourceVersion "1"]
[SourceVersionDate "2010.11.26"]
[SourceQuality "1"]

1. e4 c5 2. Nc3 Nc6 3. g3 e6 4. Bg2 Nf6 5. Nge2 d6 6. d4 cxd4 7. Nxd4 a6 8. Bg5 Be7 9. 0-0 0-0 10. h3 Bd7 11. Be3 b5 12. a3 Rc8 13. Nxc6 Bxc6 14. Qd4 e5 15. Qd2 Qc7 16. Rad1 Rfd8 17. f4 a5 18. Rf2 Rb8 19. f5 b4 20. axb4 axb4 21. Nd5 Bxd5 22. exd5 Qc4 23. g4 Rdc8 24. b3 Qa6 25. g5 Nd7 26. f6 Bd8 27. fxg7 Rc3 28. Rdf1 Bb6 29. Bxb6 Qxb6 30. Kh1 Rbc8 31. Rxf7 Rxc2 32. Qd3 R2c7 33. Qf5 Qb7 34. Rf8+ 1-0

[Event "ESP-ch 74th"]
[Site "Palma de Mallorca"]
[Date "2009.10.01"]
[Round "6"]
[White "Diaz Sanchez, Jose Francisco"]
[Black "Lewandowski, Richard"]
[Result "1-0"]
[WhiteElo "1926"]
[BlackElo "1685"]
[PlyCount "111"]
[EventDate "2009.09.26"]
[EventType "swiss"]
[EventRounds "9"]
[EventCountry "ESP"]
[SourceTitle "CBM 132 Extra"]
[Source "ChessBase"]
[SourceDate "2009.11.03"]
[SourceVersion "1"]
[SourceVersionDate "2009.11.03"]
[SourceQuality "1"]

1. e4 c5 2. Nf3 Nc6 3. d4 cxd4 4. Nxd4 Nf6 5. Nc3 a6 6. a3 e6 7. Be2 Be7 8. 0-0 0-0 9. Be3 b5 10. f4 Nxd4 11. Bxd4 d6 12. Bf3 Bb7 13. Qe1 Nd7 14. Qg3 e5 15. Be3 exf4 16. Bxf4 Ne5 17. Be2 Qc7 18. Kh1 Ng6 19. Bg5 Bxg5 20. Qxg5 Rad8 21. Qd2 Ne5 22. Nd5 Bxd5 23. exd5 Nc4 24. Qc3 Rc8 25. Bg4 Qb8 26. Bxc8 Rxc8 27. Qf3 Ne5 28. Qf2 Qc7 29. c3 Rf8 30. Rad1 Qc8 31. Rd4 Qd8 32. h3 g5 33. Qf6 Ng6 34. a4 Qxf6 35. Rxf6 Rd8 36. axb5 axb5 37. Rb4 Kg7 38. Rf5 h6 39. Rxb5 Ne5 40. Rb7 Kg6 41. Rf2 f5 42. Re2 h5 43. Rb6 Kf6 44. b3 g4 45. c4 f4 46. c5 f3 47. gxf3 gxf3 48. Rf2 Kg5 49. c6 Rc8 50. Rb7 Kf4 51. Rg7 Ke3 52. Kg1 Ra8 53. c7 Ra1+ 54. Rf1 Ra7 55. b4 Ke4 56. Re7 1-0

[Event "ESP-ch 74th"]
[Site "Palma de Mallorca"]
[Date "2009.09.30"]
[Round "5"]
[White "Cerdo Fernandez, Miguel"]
[Black "Lewandowski, Richard"]
[Result "1-0"]
[WhiteElo "1921"]
[BlackElo "1685"]
[PlyCount "69"]
[EventDate "2009.09.26"]
[EventType "swiss"]
[EventRounds "9"]
[EventCountry "ESP"]
[SourceTitle "CBM 132 Extra"]
[Source "ChessBase"]
[SourceDate "2009.11.03"]
[SourceVersion "1"]
[SourceVersionDate "2009.11.03"]
[SourceQuality "1"]

1. e4 c5 2. Nf3 d6 3. d4 cxd4 4. Nxd4 Nf6 5. Nc3 a6 6. Be3 Bd7 7. f3 b5 8. Qd2 Nc6 9. 0-0-0 Rc8 10. g4 Nxd4 11. Bxd4 e5 12. Be3 Be7 13. g5 Nh5 14. Nd5 Rc6 15. h4 Be6 16. Nb4 Rb6 17. Bxb6 Qxb6 18. Nd5 Bxd5 19. Qxd5 0-0 20. Kb1 Nf4 21. Qd2 Ne6 22. Be2 Nd4 23. c3 Nxe2 24. Qxe2 a5 25. Rd5 Rb8 26. Qd2 a4 27. a3 Rc8 28. h5 Bf8 29. g6 fxg6 30. hxg6 h6 31. f4 exf4 32. Qxf4 Rc7 33. Rf5 Qb8 34. Rf7 Be7 35. Rxg7+ 1-0

[Event "ESP-ch 74th"]
[Site "Palma de Mallorca"]
[Date "2009.09.27"]
[Round "2"]
[White "Lewandowski, Richard"]
[Black "Navarrete Terrasa, Sebastian"]
[Result "0-1"]
[WhiteElo "1685"]
[BlackElo "2019"]
[PlyCount "60"]
[EventDate "2009.09.26"]
[EventType "swiss"]
[EventRounds "9"]
[EventCountry "ESP"]
[SourceTitle "CBM 132 Extra"]
[Source "ChessBase"]
[SourceDate "2009.11.03"]
[SourceVersion "1"]
[SourceVersionDate "2009.11.03"]
[SourceQuality "1"]

1. d4 Nf6 2. c4 c5 3. d5 e5 4. Bg5 d6 5. Nc3 Be7 6. Bxf6 Bxf6 7. e4 Nd7 8. Nf3 0-0 9. Be2 Be7 10. 0-0 Nf6 11. h3 Ne8 12. Qc2 g6 13. Rac1 Bg5 14. Nxg5 Qxg5 15. Kh1 f5 16. exf5 gxf5 17. Qd3 Kh8 18. Rcd1 Rg8 19. Rg1 Nf6 20. Qd2 Qh4 21. Qe1 Ng4 22. Rf1 Qh6 23. Qd2 f4 24. Bf3 Nf6 25. Kh2 Bf5 26. Rfe1 Qg6 27. Rg1 Rae8 28. Rde1 a6 29. a3 e4 30. Bd1 e3 0-1

[Event "Palma de Mallorca op 3rd"]
[Site "Palma de Mallorca"]
[Date "2008.12.07"]
[Round "2"]
[White "Mellado Trivino, Juan"]
[Black "Lewandowski, Richard"]
[Result "1-0"]
[WhiteElo "2434"]
[BlackElo "1698"]
[PlyCount "55"]
[EventDate "2008.12.06"]
[EventType "swiss"]
[EventRounds "9"]
[EventCountry "ESP"]
[SourceTitle "CBM 127 Extra"]
[Source "ChessBase"]
[SourceDate "2009.01.08"]
[SourceVersion "2"]
[SourceVersionDate "2009.01.28"]
[SourceQuality "1"]

1. e4 c5 2. c3 e6 3. d4 cxd4 4. cxd4 d6 5. Nc3 a6 6. Nf3 Be7 7. Bd3 Nc6 8. 0-0 Nf6 9. Re1 h6 10. e5 dxe5 11. dxe5 Nd7 12. Qe2 Nc5 13. Bb1 b5 14. Ne4 Bb7 15. Rd1 Qc7 16. Nd6+ Kf8 17. Be3 Na4 18. Be4 Nd8 19. Rac1 Qb8 20. Nxb7 Nxb7 21. Rd7 Nac5 22. Bxc5 Nxc5 23. Rxe7 Nxe4 24. Rcc7 Ng5 25. Nxg5 hxg5 26. Rxf7+ Ke8 27. Rce7+ Kd8 28. Qd1+ 1-0